000 00520cam a22001337a 4500
008 180718b1977 xxu||||| |||| 00| 0 eng d
082 _aA99 In2m
100 _aIndia. One-man Commission of Inquiry
245 _aReport of the one-man Commission of Inquiry headed by Hon'ble Mr. Justice K.K.Maathew to enquire into the incidents of explosions that took place on 2-1-1975 at Samastipur
260 _aNew Delhi
_bThe author
_c1977
300 _a230+p.
500 _aChairman: K.K. Mathew
700 _aMathew, K.K. (Chairman)
999 _c488071
_d488071